书目信息 |
| 题名: |
中国雕塑史
|
|
| 作者: | 梁思成 著 | |
| 分册: | ||
| 出版信息: | 天津 百花文艺出版社 1997.12 |
|
| 页数: | 172页 | |
| 开本: | 32开 | |
| 丛书名: | ||
| 单 册: | ||
| 中图分类: | ||
| 科图分类: | ||
| 主题词: | 雕塑理论 | |
| 电子资源: | ||
| ISBN: | 7-5306-2558-6 | |
| 000 | 00547nam0 2200205 45 | |
| 001 | 9909281526 | |
| 005 | 20001106203916.1 | |
| 010 | @a7-5306-2558-6@d14.00元 | |
| 100 | @a19990928d1997 km y0chiy0120 ea | |
| 101 | @achi | |
| 105 | @a z 000yy | |
| 200 | 1 | @a中国雕塑史@AZhong Guo Diao Su Shi@f梁思成著@FLiangSi Cheng Zhu |
| 210 | @a天津@c百花文艺出版社@d1997.12 | |
| 215 | @a172页@d32开 | |
| 606 | 0 | @a雕塑理论 |
| 690 | @v3 | |
| 690 | @aJ309@v3 | |
| 701 | @a梁思成@4著 | |
| 801 | @aCN@bPFTUser@c19990928 | |
| 905 | @dJ309@eL122@b210938-942@f5 | |
| 中国雕塑史/梁思成著.-天津:百花文艺出版社,1997.12 |
| 172页;32开 |
| ISBN 7-5306-2558-6:14.00元 |
| ● |
| 相关链接 |
|
|
|
正题名:中国雕塑史
索取号:J309/L122
 
预约/预借
| 序号 | 登录号 | 条形码 | 馆藏地/架位号 | 状态 | 备注 |
| 1 | 210938 | 202109388 | 社科库309/309社科库 81排3列4层/ [索取号:J309/L122] | 在馆 | |
| 2 | 210939 | 202109397 | 自科二线404/309社科库 81排2列5层/ [索取号:J309/L122] | 在馆 | |
| 3 | 210940 | 202109404 | 自科二线404/309社科库 81排2列5层/ [索取号:J309/L122] | 在馆 | |
| 4 | 210941 | 202109413 | 自科二线404/309社科库 81排2列5层/ [索取号:J309/L122] | 在馆 | |
| 5 | 210942 | 202109422 | 自科二线404/309社科库 81排2列5层/ [索取号:J309/L122] | 在馆 |